[Event "Greifswald Ryck op 24th"]
[Site "Greifswald"]
[Date "2023.07.22"]
[Round "5"]
[White "Grosse Thie, Paul"]
[Black "Glatz, Okke"]
[Result "1/2-1/2"]
[WhiteElo "1241"]
[BlackElo "1497"]
[PlyCount "85"]
[EventDate "2023.07.19"]
[EventType "swiss"]
[EventRounds "7"]
[EventCountry "GER"]
[SourceTitle "CBM 215 Extra"]
[Source "ChessBase"]
[SourceDate "2023.09.30"]
[SourceVersion "1"]
[SourceVersionDate "2023.09.30"]
[SourceQuality "1"]

1. Nf3 d5 2. d4 Nf6 3. Bf4 Bf5 4. h3 h5 5. e3 e6 6. Bd3 Bxd3 7. Qxd3 Bd6 8. Bxd6 Qxd6 9. c3 c6 10. Nbd2 a5 11. a4 Nbd7 12. 0-0 0-0 13. Rfb1 c5 14. b3 Rfc8 15. c4 b6 16. Rc1 Rc7 17. Rc2 Rac8 18. Rac1 Nb8 19. dxc5 bxc5 20. cxd5 Qxd5 21. Qc4 Nbd7 22. Qb5 Ra8 23. Qc4 Rb8 24. Rc3 Qxc4 25. Rxc4 Rbc8 26. Ne4 Nxe4 27. Rxe4 Nb6 28. Nd2 Rc6 29. Nc4 Nxc4 30. Rexc4 Kf8 31. Kf1 Ke7 32. Ke2 Kd6 33. Rd1+ Ke7 34. f4 f5 35. Kf3 h4 36. e4 Rd6 37. Rxd6 Kxd6 38. exf5 exf5 39. g4 g6 40. g5 Rb8 41. Rc3 Rb4 42. Rd3+ Rd4 43. Re3 1/2-1/2

[Event "Greifswald Ryck op 24th"]
[Site "Greifswald"]
[Date "2023.07.20"]
[Round "2"]
[White "Glatz, Okke"]
[Black "Johlke, Lorenz"]
[Result "0-1"]
[WhiteElo "1497"]
[BlackElo "1644"]
[PlyCount "80"]
[EventDate "2023.07.19"]
[EventType "swiss"]
[EventRounds "7"]
[EventCountry "GER"]
[SourceTitle "CBM 215 Extra"]
[Source "ChessBase"]
[SourceDate "2023.09.30"]
[SourceVersion "1"]
[SourceVersionDate "2023.09.30"]
[SourceQuality "1"]

1. e4 e6 2. d4 d5 3. exd5 exd5 4. Bd3 Bd6 5. Nf3 Bg4 6. 0-0 Ne7 7. Bg5 Nbc6 8. c3 f6 9. Bh4 g5 10. Bg3 Bxg3 11. fxg3 Qd6 12. Na3 0-0-0 13. Qa4 Kb8 14. b4 Nc8 15. Qb3 h5 16. Nb5 Qd7 17. a4 h4 18. gxh4 gxh4 19. Rae1 Rdg8 20. Qd1 h3 21. g3 f5 22. Qd2 Nb6 23. Ne5 Nxe5 24. dxe5 Qe6 25. Qf2 a6 26. Nd4 Qe7 27. a5 Nc4 28. Bxc4 dxc4 29. Nxf5 Bxf5 30. Qxf5 Rf8 31. Qe4 Qe6 32. Rf4 Rxf4 33. Qxf4 Rd8 34. Qf6 Qd5 35. Re2 Qh1+ 36. Kf2 Qxh2+ 37. Ke3 Rd3+ 38. Kf4 Qxg3+ 39. Ke4 Qg4+ 40. Qf4 Qxe2+ 0-1

[Event "Greifswald Ryck op 24th"]
[Site "Greifswald"]
[Date "2023.07.19"]
[Round "1"]
[White "Stepanjan, Emma"]
[Black "Glatz, Okke"]
[Result "0-1"]
[WhiteElo "1194"]
[BlackElo "1497"]
[PlyCount "58"]
[EventDate "2023.07.19"]
[EventType "swiss"]
[EventRounds "7"]
[EventCountry "GER"]
[SourceTitle "CBM 215 Extra"]
[Source "ChessBase"]
[SourceDate "2023.09.30"]
[SourceVersion "1"]
[SourceVersionDate "2023.09.30"]
[SourceQuality "1"]

1. e4 e6 2. d4 d5 3. e5 c5 4. c3 Nc6 5. Nf3 Qb6 6. b3 cxd4 7. cxd4 Bb4+ 8. Bd2 Nxd4 9. Bxb4 Nxf3+ 10. Qxf3 Qxb4+ 11. Nd2 Ne7 12. a3 Qb6 13. b4 Qd4 14. Bb5+ Nc6 15. 0-0 Qxd2 16. Rfd1 Qg5 17. Qc3 Bd7 18. Re1 0-0 19. Rac1 Rac8 20. Bxc6 Rxc6 21. Qb2 Rfc8 22. Rcd1 Rc2 23. Qd4 b6 24. h3 R8c4 25. Qa1 Qf4 26. Rf1 d4 27. a4 Bc6 28. a5 Qe4 29. f3 Qe2 0-1